LEADER 00998nam0-2200277 --450 001 9910709100603321 005 20230515130433.0 010 $a9781501510908 100 $a20230515d2016----kmuy0itay5050 ba 101 2 $aeng$agrc 102 $aDE 105 $a 001yy 200 1 $aIoannis Canani de Constantinopolitana obsidione relatio$ea critical edition, with english translation, introduction, and notes of John Kananos' account of the Siege of Constantinople in 1422$fedited by Andrea Massimo Cuomo 210 $aBoston$aBerlin$cDe Gruyter$d2016 215 $aLXXIV, 100 p., 6 c. di tav.$d25 cm 225 1 $aByzantinisches Archiv$v30 500 10$aDe Constantinopoli oppugnata$93259621 700 1$aCananus,$bIoannes$0616275 702 1$aCuomo,$bAndrea Massimo 801 0$aIT$bUNINA$gREICAT$2UNIMARC 901 $aBK 912 $a9910709100603321 952 $aP2B 620 BA 30$b2022/1711$fFLFBC 959 $aFLFBC 996 $aDe Constantinopoli oppugnata$93259621 997 $aUNINA